| 000 | 00624nam a22001937a 4500 | ||
|---|---|---|---|
| 003 | dpl | ||
| 005 | 20180710152727.0 | ||
| 008 | 180710b xxu||||| |||| 00| 0 eng d | ||
| 020 |
_a8185989958 _c150.00 |
||
| 040 |
_aDPL _bEN _c0 |
||
| 082 |
_a658.3 _bDWI |
||
| 100 | _aDwivedi, R S | ||
| 245 |
_aHuman resource development: _bin Indian enteprises _c/by R.S. Dwivedi [and] Ganesh Kumar Dwivedi |
||
| 260 |
_aNew Delhi _bGalgotia Publishing _c2005 |
||
| 270 |
_a6A/4, W.E.A Karol Bagh _bNew Delhi _e110005 |
||
| 300 |
_axii, 332p. _c23cm. |
||
| 700 | _aDwivedi, Ganesh Kumar | ||
| 942 |
_2ddc _cEN _h658.3 _mDWI |
||
| 999 |
_c153774 _d153774 |
||